Statistics for The amazing world of gumball

Click here to take the quiz!

General Stats

  • This quiz has been taken 68 times
  • The average score is 6 of 7

Answer Stats

HintAnswer% Correct
fishdarwin
97%
catgumball
97%
cat's dadrichard
88%
peanutpenny
86%
bananabanana joe
85%
rainbow guytobias
80%
principalprincipal brown
68%

Score Distribution

Percentile by Number Answered

Percent of People with Each Score

Your Score History

You have not taken this quiz